000 00416nam a2200157Ia 4500
008 210716s2008 xx 000 0 und d
020 _a8122423604
041 _aeng
082 _a005.368 AGGK
100 _aAggarwal, K K;Singh, Yogesh.
245 _aSoftware engineering.
250 _a3
260 _aNew Delhi
_bNew Age International Pvt Ltd
_c2008
300 _axix,507/2016
650 _aSoftware Engineering
999 _c196056
_d196056